[Event "TCh-FRA Top 12 2018"]
[Site "Brest FRA"]
[Date "2018.05.29"]
[Round "4.5"]
[Board "7"]
[White "Travadon, Loic"]
[Black "Milliet, Sophie"]
[Result "1/2-1/2"]
[WhiteTitle "FM"]
[BlackTitle "IM"]
[WhiteElo "2377"]
[BlackElo "2391"]
[WhiteTeam "C.E. de BOIS COLOMBES"]
[BlackTeam "Evry Grand Roque"]
[WhiteFideId "26092131"]
[BlackFideId "623725"]
[EventDate "2018.05.26"]

1. d4 Nf6 2. Nf3 e6 3. c4 Bb4+ 4. Bd2 c5 5. Bxb4 cxb4 6. g3 b6 7. Bg2 Bb7 8. O-O
O-O 9. a3 bxa3 10. Rxa3 a5 11. Nc3 Na6 12. Qb1 Rc8 13. Nd2 Bxg2 14. Kxg2 d5 15.
cxd5 Nxd5 16. Nxd5 Qxd5+ 17. Nf3 Rc4 18. e4 Qb5 19. Rc3 Rb4 20. b3 f5 21. Re1
Qd7 22. exf5 exf5 23. Qd3 Nc7 24. Rc4 Nd5 25. Rxb4 Nxb4 26. Qc4+ Kh8 27. Re5 f4
28. d5 fxg3 29. hxg3 Qf7 30. Qe4 Na6 31. Re7 Qf6 32. Re6 Qf7 33. Rxb6 Nc5 34.
Qe3 Qxd5 35. Rb5 Rc8 36. Rxa5 Qc6 37. b4 Nd7 38. Rf5 Nf6 39. Rc5 Qb7 40. Rxc8+
Qxc8 41. Qa7 h6 42. b5 Nd5 43. Qf7 Qc4 44. Qf8+ Kh7 45. Qf5+ Kg8 46. Qe6+ Kh7
47. Qc6 Qe4 48. Qc5 g5 49. Qd4 Qxd4 50. Nxd4 Kg6 51. Kf3 h5 52. Ke4 Nb6 53. Ke5
h4 54. Nf3 h3 55. Nh2 Nc4+ 56. Ke6 Nb6 57. f4 gxf4 58. gxf4 Kg7 59. f5 Kf8 60.
f6 Na8 61. Kf5 Nb6 62. Nf3 Nd5 63. Kg6 Nf4+ 64. Kf5 Nd5 65. Ke5 Nb6 66. Ke6 Na8
67. b6 Nxb6 68. Ne5 Kg8 69. Nf3 Nd7 70. f7+ Kg7 71. Ke7 Nf8 72. Nh2 Ng6+ 73. Ke8
Nf8 1/2-1/2

[Event "TCh-FRA Top 12 2018"]
[Site "Brest FRA"]
[Date "2018.05.29"]
[Round "4.5"]
[Board "8"]
[White "Manouck, Thierry"]
[Black "Leconte, Maria"]
[Result "0-1"]
[WhiteTitle "IM"]
[BlackTitle "WGM"]
[WhiteElo "2195"]
[BlackElo "2208"]
[WhiteTeam "Evry Grand Roque"]
[BlackTeam "C.E. de BOIS COLOMBES"]
[WhiteFideId "600873"]
[BlackFideId "618446"]
[EventDate "2018.05.26"]

1. c4 e5 2. g3 Nc6 3. Bg2 f5 4. d3 Nf6 5. Nc3 g6 6. Nf3 Bg7 7. O-O O-O 8. Rb1 a5
9. a3 d6 10. b4 axb4 11. axb4 h6 12. b5 Ne7 13. Bb2 g5 14. Ra1 Rxa1 15. Qxa1 f4
16. Re1 Nf5 17. e3 g4 18. Nd2 fxe3 19. fxe3 h5 20. Qa7 h4 21. Bxb7 hxg3 22. hxg3
Nxg3 23. Qa8 Bxb7 24. Qxb7 Nfh5 25. Qd5+ Kh8 26. Qg2 Qh4 27. Nd5 Ne4 28. Rf1
Rxf1+ 29. Nxf1 Ng5 30. Nd2 Qe1+ 31. Nf1 Nf3+ 32. Kh1 Qh4+ 33. Nh2 Ng3+ 0-1

[Event "TCh-FRA Top 12 2018"]
[Site "Brest FRA"]
[Date "2018.05.29"]
[Round "4.6"]
[Board "1"]
[White "David, Alberto"]
[Black "Rodshtein, Maxim"]
[Result "0-1"]
[WhiteTitle "GM"]
[BlackTitle "GM"]
[WhiteElo "2563"]
[BlackElo "2678"]
[WhiteTeam "Les Tours de Haute Picardie, SAINT QUENTIN"]
[BlackTeam "BISCHWILLER"]
[WhiteFideId "4000013"]
[BlackFideId "2806851"]
[EventDate "2018.05.26"]

1. e4 c6 2. d4 d5 3. exd5 cxd5 4. Bd3 Nc6 5. c3 Qc7 6. Ne2 e6 7. Bf4 Bd6 8. Bxd6
Qxd6 9. O-O Nge7 10. Nd2 Bd7 11. f4 f6 12. Qe1 O-O 13. Qg3 Rae8 14. Rae1 Nd8 15.
Nb3 b6 16. Kh1 Nf7 17. Ng1 Nf5 18. Qh3 N5h6 19. Qg3 Qc7 20. Nd2 Nd6 21. Qf3 f5
22. Qe2 Ne4 23. Ngf3 Nf7 24. Ne5 Nxe5 25. fxe5 Qd8 26. Kg1 Re7 27. Nxe4 dxe4 28.
Bc2 Bc6 29. Rd1 b5 30. b3 Rd7 31. g3 Qb6 32. Qf2 Bd5 33. Rfe1 Rc7 34. Re3 Rfc8
35. Qd2 Qa5 36. b4 Qxa2 0-1

[Event "TCh-FRA Top 12 2018"]
[Site "Brest FRA"]
[Date "2018.05.29"]
[Round "4.6"]
[Board "3"]
[White "Godart, Francois"]
[Black "Naiditsch, Arkadij"]
[Result "0-1"]
[WhiteTitle "IM"]
[BlackTitle "GM"]
[WhiteElo "2420"]
[BlackElo "2697"]
[WhiteTeam "Les Tours de Haute Picardie, SAINT QUENTIN"]
[BlackTeam "BISCHWILLER"]
[WhiteFideId "208078"]
[BlackFideId "4650891"]
[EventDate "2018.05.26"]

1. d4 Nf6 2. c4 g6 3. g3 Bg7 4. Bg2 O-O 5. Nf3 d6 6. O-O c6 7. Nc3 Bf5 8. Qb3
Qc8 9. Re1 Nbd7 10. e4 Bg4 11. e5 dxe5 12. Nxe5 Nxe5 13. Rxe5 Re8 14. Re1 Bh3
15. Bf4 h5 16. Bh1 h4 17. Be5 Qf5 18. Ne4 hxg3 19. Nxf6+ exf6 20. Bxg3 Qa5 21.
Qc3 Qg5 22. f4 Qg4 23. Rxe8+ Rxe8 24. Re1 Re2 25. Rc1 Qe6 26. Bf2 Bg4 27. d5 Qf5
28. dxc6 bxc6 29. Re1 Qxf4 30. Rxe2 Bxe2 31. Bxc6 f5 32. Qe3 Qxc4 33. b3 Qc2 34.
h4 f4 35. Qe8+ Kh7 36. Qe4 Qd1+ 37. Kh2 Qd2 38. Bd5 Bh5 39. Kg1 Qd1+ 40. Kh2 Qd2
41. Kg1 f5 42. Qc4 Qd1+ 43. Kh2 Be5 0-1

[Event "TCh-FRA Top 12 2018"]
[Site "Brest FRA"]
[Date "2018.05.29"]
[Round "4.6"]
[Board "4"]
[White "Edouard, Romain"]
[Black "Colin, Vincent"]
[Result "1-0"]
[WhiteTitle "GM"]
[BlackTitle "IM"]
[WhiteElo "2621"]
[BlackElo "2386"]
[WhiteTeam "BISCHWILLER"]
[BlackTeam "Les Tours de Haute Picardie, SAINT QUENTIN"]
[WhiteFideId "633429"]
[BlackFideId "612324"]
[EventDate "2018.05.26"]

1. d4 Nf6 2. c4 g6 3. g3 Bg7 4. Bg2 O-O 5. Nc3 d6 6. Nf3 Nc6 7. O-O Rb8 8. Bf4
a6 9. Rc1 h6 10. h3 g5 11. Be3 g4 12. hxg4 Nxg4 13. Qd2 Nxe3 14. Qxe3 e5 15.
dxe5 Re8 16. Rfd1 b6 17. b4 Nxe5 18. Nxe5 Rxe5 19. Qd3 h5 20. f4 Re6 21. Bf3 Rh6
22. Kf2 f5 23. Rh1 h4 24. gxh4 Rxh4 25. Rcg1 Rxh1 26. Rxh1 Be6 27. Bd5 Qf6 28.
Rh5 c6 29. Bxe6+ Qxe6 30. Rg5 b5 31. cxb5 axb5 32. Nd1 Qe4 33. Qxd6 Re8 34. e3
Re7 35. Kg1 Rf7 36. Qd8+ Rf8 37. Qd2 Qe7 38. Nf2 Qf6 39. Nd3 Rd8 40. Qc2 Rd5 41.
Rg3 Qd6 42. Qc3 Qh6 43. Kg2 Kf7 44. Qb3 Qe6 45. Kf1 Bf6 46. Ke2 Rd8 47. Qxe6+
Kxe6 48. Rg2 Ra8 49. Kf3 Ra3 50. Nc5+ Kd5 51. Nb3 Bc3 52. Rg5 Ke6 53. Rg6+ Kd5
54. Rg5 Ke6 55. Rg2 Kd5 56. Rc2 Bxb4 57. Nd4 c5 58. Nxb5 Ra5 59. Nc7+ Kd6 60.
Ne8+ Ke7 61. Ng7 Kf6 62. Nh5+ Ke6 63. Ng7+ Kf6 64. Nh5+ Ke6 65. Ng3 Be1 66. Ne2
Bb4 67. Rb2 Ra3 68. Ng3 Kf6 69. Rh2 Ke6 70. Rh6+ Kd5 71. Nxf5 c4 72. Rh2 Rd3 73.
Rb2 c3 74. Rxb4 c2 75. Ne7+ Kc5 76. Rb8 Rxe3+ 77. Kf2 Rc3 78. Rc8+ Kd4 79. Nf5+
Kd3 80. Rxc3+ Kxc3 81. Ng3 1-0

[Event "TCh-FRA Top 12 2018"]
[Site "Brest FRA"]
[Date "2018.05.29"]
[Round "4.6"]
[Board "5"]
[White "Marcelin, Cyril"]
[Black "Maze, Sebastien"]
[Result "0-1"]
[WhiteTitle "GM"]
[BlackTitle "GM"]
[WhiteElo "2462"]
[BlackElo "2615"]
[WhiteTeam "Les Tours de Haute Picardie, SAINT QUENTIN"]
[BlackTeam "BISCHWILLER"]
[WhiteFideId "607274"]
[BlackFideId "613762"]
[EventDate "2018.05.26"]

1. e4 c6 2. d4 g6 3. Nf3 d5 4. Nbd2 Bg7 5. h3 Nh6 6. c3 f6 7. e5 Nf7 8. exf6
Bxf6 9. Be2 Nd7 10. c4 e6 11. O-O O-O 12. b3 Re8 13. Bb2 a5 14. a4 e5 15. dxe5
Ndxe5 16. Nxe5 Bxe5 17. Bxe5 Nxe5 18. cxd5 Qxd5 19. Nc4 Be6 20. Nb6 Qxd1 21.
Raxd1 Rad8 22. f4 Rxd1 23. Rxd1 Bxb3 24. Rb1 Nf7 25. Rxb3 Rxe2 26. Nc4 b5 27.
Nxa5 bxa4 28. Ra3 Re4 29. Nxc6 Nd6 30. g3 Nb5 31. Ra1 a3 32. Kf2 Rc4 33. Ne5 Rc3
34. Nf3 Kf7 35. g4 Rb3 36. h4 h5 37. gxh5 gxh5 38. Ne5+ Ke6 39. Nc4 Kf5 40. Nxa3
Nxa3 41. Rg1 Kxf4 42. Rg5 Rb5 43. Rg8 Nc4 0-1

[Event "TCh-FRA Top 12 2018"]
[Site "Brest FRA"]
[Date "2018.05.29"]
[Round "4.6"]
[Board "6"]
[White "Pelletier, Yannick"]
[Black "Le Hay, Thierry"]
[Result "1-0"]
[WhiteTitle "GM"]
[WhiteElo "2550"]
[BlackElo "2062"]
[WhiteTeam "BISCHWILLER"]
[BlackTeam "Les Tours de Haute Picardie, SAINT QUENTIN"]
[WhiteFideId "1301837"]
[BlackFideId "639613"]
[EventDate "2018.05.26"]

1. d4 f5 2. c4 Nf6 3. g3 g6 4. Nf3 Bg7 5. b4 d6 6. Bb2 c6 7. Bg2 Na6 8. a3 O-O
9. O-O Qe8 10. Nbd2 e5 11. dxe5 Ng4 12. c5 dxc5 13. Nc4 Qe7 14. h3 Nh6 15. bxc5
Nxc5 16. a4 Be6 17. Qc2 Bd5 18. Ba3 Nf7 19. Ne1 b6 20. f4 Qe6 21. Bxc5 bxc5 22.
Rc1 Rab8 23. Nd3 Bxg2 24. Kxg2 Qd5+ 25. Kf2 Rfd8 26. Ne3 Qd4 27. Rfd1 Bf8 28.
Qa2 c4 29. Rxc4 Qb6 30. e6 Nd6 31. e7 1-0

[Event "TCh-FRA Top 12 2018"]
[Site "Brest FRA"]
[Date "2018.05.29"]
[Round "4.6"]
[Board "7"]
[White "Cappon, John"]
[Black "Le Roux, Jean-Pierre"]
[Result "1/2-1/2"]
[BlackTitle "GM"]
[WhiteElo "2145"]
[BlackElo "2557"]
[WhiteTeam "Les Tours de Haute Picardie, SAINT QUENTIN"]
[BlackTeam "BISCHWILLER"]
[WhiteFideId "608459"]
[BlackFideId "609404"]
[EventDate "2018.05.26"]

1. e4 c6 2. d4 d5 3. e5 Bf5 4. h4 Qc7 5. g4 Bd7 6. Nc3 a6 7. h5 e6 8. Be3 c5 9.
dxc5 Bxc5 10. Bxc5 Qxc5 11. f4 Nc6 12. Qd2 O-O-O 13. O-O-O f6 14. exf6 Nxf6 15.
g5 Ne4 16. Nxe4 dxe4 17. Qc3 Qxc3 18. bxc3 e5 19. Ne2 Rhf8 20. Rh4 Be6 21. Re1
Kb8 22. Bg2 Bd5 23. c4 Bxc4 24. Bxe4 Bxe2 25. Bxc6 bxc6 26. Rxe2 exf4 27. Re7
Rd5 28. Rxg7 f3 29. Rh1 f2 30. Rf1 Re5 31. Kd2 Rd5+ 32. Ke2 Re5+ 33. Kd2 1/2-1/2

[Event "TCh-FRA Top 12 2018"]
[Site "Brest FRA"]
[Date "2018.05.29"]
[Round "4.6"]
[Board "8"]
[White "Maisuradze, Nino"]
[Black "Bolon, Karelle"]
[Result "1-0"]
[WhiteTitle "WGM"]
[BlackTitle "WFM"]
[WhiteElo "2172"]
[BlackElo "1994"]
[WhiteTeam "BISCHWILLER"]
[BlackTeam "Les Tours de Haute Picardie, SAINT QUENTIN"]
[WhiteFideId "13601717"]
[BlackFideId "634514"]
[EventDate "2018.05.26"]

1. d4 d5 2. Nf3 Nf6 3. c4 c6 4. e3 Bf5 5. Nc3 e6 6. Nh4 Bg6 7. Nxg6 hxg6 8. Bd3
Nbd7 9. a3 Bd6 10. h3 a6 11. c5 Bc7 12. f4 Nh5 13. Qg4 Rh6 14. Bd2 f5 15. Qf3
Qh4+ 16. Kd1 Nhf6 17. Kc2 Ne4 18. b4 g5 19. g3 Nxg3 20. fxg5 Rh8 21. Be1 Qh5 22.
Qxh5+ Rxh5 23. Bxg3 Bxg3 24. Be2 Rh4 25. a4 Kf7 26. b5 a5 27. Rab1 Ra7 28. Bd3
Rh8 29. Ne2 Bh4 30. Rbg1 Bf2 31. Rf1 Bh4 32. Rhg1 Nf8 33. e4 dxe4 34. Bxe4 Ke7
35. Bf3 Nh7 36. Nf4 Nf8 37. bxc6 bxc6 38. Bxc6 Rc7 39. Bb5 Kf7 40. Bc4 Re7 41.
Nd3 Rh5 42. Rxf5+ Ke8 43. Bb5+ Nd7 44. Re5 Kd8 45. Bxd7 Kxd7 46. Nf4 Rh7 47. Rg2
Re8 48. Re4 Be1 49. Rxe1 1-0

[Event "TCh-FRA Top 12 2018"]
[Site "Brest FRA"]
[Date "2018.05.30"]
[Round "5.1"]
[Board "3"]
[White "Jobava, Baadur"]
[Black "Laznicka, Viktor"]
[Result "1/2-1/2"]
[WhiteTitle "GM"]
[BlackTitle "GM"]
[WhiteElo "2663"]
[BlackElo "2671"]
[WhiteTeam "Tremblay en France"]
[BlackTeam "C.E. de BOIS COLOMBES"]
[WhiteFideId "13601520"]
[BlackFideId "316385"]
[EventDate "2018.05.26"]

1. e4 d5 2. exd5 Qxd5 3. Nc3 Qa5 4. g3 Nf6 5. Bg2 c6 6. Nge2 e5 7. d3 Bd6 8. h3
Nbd7 9. O-O Qc7 10. f4 exf4 11. Bxf4 O-O 12. Kh2 Bxf4 13. Nxf4 Ne5 14. Qd2 Bd7
15. a4 a5 16. Rae1 Rae8 17. b3 Ng6 18. d4 Qd6 19. Nce2 b6 20. c4 Ne4 21. Qd3 f5
22. h4 Qb4 23. Rd1 Nh8 24. Bxe4 fxe4 25. Qc3 Bg4 26. Qxb4 axb4 27. Rde1 Ng6 28.
Ng1 Nxf4 29. Rxf4 h5 30. Ne2 e3 31. Kg2 Rd8 32. Rxf8+ Kxf8 33. Nf4 Rxd4 34. Rxe3
Rd2+ 35. Kf1 Kf7 36. Ke1 Rd1+ 37. Kf2 Rd2+ 38. Ke1 Rd1+ 39. Kf2 Kf6 40. Nd3 Rd2+
41. Ke1 Rd1+ 42. Kf2 Rd2+ 1/2-1/2

[Event "TCh-FRA Top 12 2018"]
[Site "Brest FRA"]
[Date "2018.05.30"]
[Round "5.1"]
[Board "4"]
[White "Vernay, Clovis"]
[Black "Bellaiche, Anthony"]
[Result "1-0"]
[WhiteTitle "IM"]
[BlackTitle "IM"]
[WhiteElo "2513"]
[BlackElo "2459"]
[WhiteTeam "C.E. de BOIS COLOMBES"]
[BlackTeam "Tremblay en France"]
[WhiteFideId "633046"]
[BlackFideId "615668"]
[EventDate "2018.05.26"]

1. d4 d5 2. c4 c6 3. e3 Nf6 4. Nf3 Bf5 5. Bd3 Bxd3 6. Qxd3 e6 7. Nc3 Nbd7 8. O-O
Be7 9. e4 dxe4 10. Nxe4 Nxe4 11. Qxe4 O-O 12. Bf4 Re8 13. h3 Nf8 14. Rfd1 Qa5
15. Bd2 Qa6 16. Rdc1 Rad8 17. a4 f5 18. Qe3 c5 19. dxc5 Bf6 20. Bc3 e5 21. b4 e4
22. b5 Qe6 23. Ne1 Bxc3 24. Qxc3 Nd7 25. c6 bxc6 26. c5 Rb8 27. Rab1 Rec8 28.
Nc2 cxb5 29. Nd4 Qg6 30. c6 Ne5 31. Rxb5 Rxb5 32. axb5 f4 33. Qb3+ Kh8 34. Qe6
Qxe6 35. Nxe6 e3 36. fxe3 fxe3 37. Rc3 Kg8 38. Rxe3 Nxc6 39. bxc6 Rxc6 40. Nd4
Rc4 41. Nf5 Rc1+ 42. Kf2 g6 43. Nd6 Rc6 44. Ne4 a5 45. Ra3 Rc4 46. Ke3 a4 47.
Nc3 g5 48. Kd3 1-0

[Event "TCh-FRA Top 12 2018"]
[Site "Brest FRA"]
[Date "2018.05.30"]
[Round "5.1"]
[Board "5"]
[White "Flom, Gabriel"]
[Black "Cornette, Matthieu"]
[Result "0-1"]
[WhiteTitle "IM"]
[BlackTitle "GM"]
[WhiteElo "2501"]
[BlackElo "2600"]
[WhiteTeam "Tremblay en France"]
[BlackTeam "C.E. de BOIS COLOMBES"]
[WhiteFideId "621650"]
[BlackFideId "620084"]
[EventDate "2018.05.26"]

1. d4 e6 2. Nf3 Nf6 3. Bf4 d5 4. e3 Bd6 5. Bg3 O-O 6. Nbd2 c5 7. c3 Qc7 8. Bd3
Nbd7 9. O-O e5 10. dxe5 Nxe5 11. Nxe5 Bxe5 12. e4 Bxg3 13. hxg3 Bg4 14. Qb1 c4
15. Bc2 dxe4 16. Nxe4 Nxe4 17. Bxe4 f5 18. Bd5+ Kh8 19. Bf3 Bxf3 20. gxf3 Qc6
21. f4 Rf6 22. Qc2 h5 23. Rae1 h4 24. Re5 Raf8 25. Qe2 Rh6 26. Qd1 hxg3 27. Qd5
g2 28. Kxg2 Qg6+ 29. Kf3 Rh3+ 30. Ke2 Qg4+ 31. Ke1 Qxf4 32. Re2 Qc1+ 33. Qd1 Qh6
34. Qd2 f4 35. Qd4 Rd3 36. Qxa7 Rfd8 37. Qa4 f3 38. Re8+ Kh7 0-1

[Event "TCh-FRA Top 12 2018"]
[Site "Brest FRA"]
[Date "2018.05.30"]
[Round "5.1"]
[Board "6"]
[White "Dionisi, Thomas"]
[Black "Shchekachev, Andrei"]
[Result "1-0"]
[WhiteTitle "FM"]
[BlackTitle "GM"]
[WhiteElo "2399"]
[BlackElo "2540"]
[WhiteTeam "C.E. de BOIS COLOMBES"]
[BlackTeam "Tremblay en France"]
[WhiteFideId "651893"]
[BlackFideId "4107730"]
[EventDate "2018.05.26"]

1. e4 c5 2. Nf3 d6 3. d4 cxd4 4. Nxd4 Nf6 5. Nc3 a6 6. Be2 e6 7. a4 Nc6 8. O-O
Be7 9. Be3 O-O 10. f4 Qc7 11. Kh1 Re8 12. Bf3 Na5 13. g4 Bf8 14. g5 Nd7 15. Bg2
b6 16. Rf3 Bb7 17. Rh3 g6 18. Qe1 Bg7 19. Nde2 f5 20. gxf6 Nxf6 21. Rd1 Rab8 22.
b3 Nc6 23. Bc1 Nd8 24. Ba3 Nf7 25. Rhd3 Rbd8 26. Ng3 Rc8 27. Nge2 e5 28. Qf1
exf4 29. Qxf4 Nh5 30. Qd2 Be5 31. Bh3 Qe7 32. Bxc8 Rxc8 33. Qe3 Qh4 34. Qh3
Bxe4+ 35. Nxe4 Qxe4+ 36. Qg2 Qxg2+ 37. Kxg2 Rxc2 38. R3d2 Rc8 39. Rc1 Re8 40.
Rc6 Ng5 41. Rdc2 Re6 42. Bc1 Ne4 43. Rxb6 Rf6 44. Be3 Kf7 45. Rxa6 g5 46. Rc4 1-0

[Event "TCh-FRA Top 12 2018"]
[Site "Brest FRA"]
[Date "2018.05.30"]
[Round "5.1"]
[Board "7"]
[White "Bellahcene, Bilel"]
[Black "Travadon, Loic"]
[Result "1-0"]
[WhiteTitle "GM"]
[BlackTitle "FM"]
[WhiteElo "2488"]
[BlackElo "2377"]
[WhiteTeam "Tremblay en France"]
[BlackTeam "C.E. de BOIS COLOMBES"]
[WhiteFideId "696358"]
[BlackFideId "26092131"]
[EventDate "2018.05.26"]

1. e4 c5 2. Nc3 g6 3. d4 Bg7 4. d5 d6 5. Nf3 Nf6 6. Bb5+ Bd7 7. a4 O-O 8. O-O
Na6 9. Re1 Nb4 10. h3 e6 11. Bf4 e5 12. Bd2 Nh5 13. Ne2 Na6 14. g4 Nf6 15. Ng3
Nc7 16. Bxd7 Qxd7 17. c4 Nfe8 18. Kg2 f6 19. Rh1 Rf7 20. Ne1 Bf8 21. h4 a5 22.
h5 g5 23. h6 Ra6 24. Nf5 Na8 25. Qb3 Rb6 26. Qd1 Ra6 27. Qb3 Rb6 28. Qc3 Ra6 29.
Rh5 Nb6 30. Nf3 Nc8 31. Nxg5 fxg5 32. Rxg5+ Kh8 33. f4 Nf6 34. Re1 Ne7 35. Nxd6
Rxd6 36. fxe5 Bxh6 37. exd6 Bxg5 38. Bxg5 Qxg4+ 39. Qg3 Qxg3+ 40. Kxg3 Nxe4+ 41.
Rxe4 Nf5+ 42. Kg4 Nxd6 43. Re6 Nxc4 44. b3 1-0

[Event "TCh-FRA Top 12 2018"]
[Site "Brest FRA"]
[Date "2018.05.30"]
[Round "5.1"]
[Board "8"]
[White "Leconte, Maria"]
[Black "Aflalo, Sophie"]
[Result "1/2-1/2"]
[WhiteTitle "WGM"]
[WhiteElo "2208"]
[BlackElo "2104"]
[WhiteTeam "C.E. de BOIS COLOMBES"]
[BlackTeam "Tremblay en France"]
[WhiteFideId "618446"]
[BlackFideId "656887"]
[EventDate "2018.05.26"]

1. e4 c5 2. c3 Nf6 3. e5 Nd5 4. d4 e6 5. Nf3 cxd4 6. cxd4 d6 7. Nc3 Be7 8. Bd3
O-O 9. O-O dxe5 10. dxe5 Nxc3 11. bxc3 Nd7 12. Qc2 g6 13. Bh6 Re8 14. Rad1 a6
15. Rfe1 Qc7 16. h4 Bf8 17. Bxf8 Rxf8 18. h5 Nc5 19. Be4 Qe7 20. Qd2 Kg7 21. h6+
Kg8 22. Qd6 Qxd6 23. Rxd6 Rb8 24. Nd2 b5 25. Nb3 Nxe4 26. Rxe4 Bb7 27. Re3 Rfc8
28. Na5 Bd5 29. a3 Kf8 30. f4 Ke7 31. g4 f6 32. g5 fxg5 33. fxg5 Ra8 34. Rd3 Rc7
35. R3xd5 exd5 36. Nc6+ Ke8 37. Nb4 Rxc3 38. Nxd5 Rc1+ 39. Kf2 Rac8 40. Re6+ Kf8
41. Rf6+ Ke8 42. Re6+ Kd8 43. Rd6+ Ke8 44. Re6+ Kd8 45. Rd6+ Ke8 1/2-1/2

[Event "TCh-FRA Top 12 2018"]
[Site "Brest FRA"]
[Date "2018.05.30"]
[Round "5.2"]
[Board "1"]
[White "Moussard, Jules"]
[Black "Navara, David"]
[Result "1/2-1/2"]
[WhiteTitle "GM"]
[BlackTitle "GM"]
[WhiteElo "2570"]
[BlackElo "2727"]
[WhiteTeam "Evry Grand Roque"]
[BlackTeam "MULHOUSE Philidor"]
[WhiteFideId "642908"]
[BlackFideId "309095"]
[EventDate "2018.05.26"]

1. e4 c5 2. d3 g6 3. h4 h5 4. Nf3 Nc6 5. Be2 Bg7 6. c3 d6 7. Na3 Nf6 8. Nc2 d5
9. Ng5 b6 10. Bf4 e5 11. Bd2 O-O 12. O-O Ba6 13. Qe1 Qe7 14. Rd1 Rad8 15. f3 Rd7
16. Qf2 Rfd8 17. Bc1 Ne8 18. Rde1 c4 19. d4 dxe4 20. d5 exf3 21. Bxf3 Na5 22. g4 1/2-1/2

[Event "TCh-FRA Top 12 2018"]
[Site "Brest FRA"]
[Date "2018.05.30"]
[Round "5.2"]
[Board "2"]
[White "Bluebaum, Matthias"]
[Black "Fedorchuk, Sergey A."]
[Result "1/2-1/2"]
[WhiteTitle "GM"]
[BlackTitle "GM"]
[WhiteElo "2633"]
[BlackElo "2637"]
[WhiteTeam "MULHOUSE Philidor"]
[BlackTeam "Evry Grand Roque"]
[WhiteFideId "24651516"]
[BlackFideId "14102536"]
[EventDate "2018.05.26"]

1. d4 Nf6 2. c4 e6 3. Nf3 b6 4. g3 Bb4+ 5. Bd2 Bxd2+ 6. Qxd2 Bb7 7. Bg2 Qe7 8.
O-O d6 9. d5 e5 10. Nc3 a5 11. Nh4 Bc8 12. e4 O-O 13. Rae1 Nh5 14. Nf5 Bxf5 15.
exf5 Nf6 16. f4 Nbd7 17. Bf3 h6 18. h4 Qd8 19. Bd1 exf4 20. Qxf4 Re8 21. Rxe8+
Qxe8 22. Nb5 Rc8 23. Na7 Ra8 24. Nb5 Rc8 25. Na7 Ra8 1/2-1/2

[Event "TCh-FRA Top 12 2018"]
[Site "Brest FRA"]
[Date "2018.05.30"]
[Round "5.2"]
[Board "3"]
[White "Brochet, Philippe"]
[Black "Gledura, Benjamin"]
[Result "0-1"]
[WhiteTitle "IM"]
[BlackTitle "GM"]
[WhiteElo "2409"]
[BlackElo "2615"]
[WhiteTeam "Evry Grand Roque"]
[BlackTeam "MULHOUSE Philidor"]
[WhiteFideId "602469"]
[BlackFideId "712779"]
[EventDate "2018.05.26"]

1. d4 Nf6 2. Nf3 g6 3. Bg5 Bg7 4. Nbd2 d5 5. e3 O-O 6. c3 b6 7. a4 c5 8. Be2 Nc6
9. O-O h6 10. Bh4 g5 11. Bb5 gxh4 12. Bxc6 Rb8 13. Nxh4 Qc7 14. Bb5 c4 15. a5
bxa5 16. Ba4 Rxb2 17. Bc2 e5 18. Qc1 Qb6 19. Rb1 Rxb1 20. Bxb1 exd4 21. exd4 Be6
22. Nf5 Rb8 23. Nf3 Qxb1 24. Ne7+ Kf8 25. Qxb1 Rxb1 26. Rxb1 Kxe7 27. Rb7+ Kd6
28. Ne5 Ne4 29. Nxf7+ Bxf7 30. Rxf7 Bxd4 31. cxd4 c3 32. Rf8 Kd7 33. Rf7+ Kc6
34. Rf8 a4 35. f3 Nd6 0-1

[Event "TCh-FRA Top 12 2018"]
[Site "Brest FRA"]
[Date "2018.05.30"]
[Round "5.2"]
[Board "4"]
[White "Istratescu, Andrei"]
[Black "Oratovsky, Michael"]
[Result "1/2-1/2"]
[WhiteTitle "GM"]
[BlackTitle "GM"]
[WhiteElo "2589"]
[BlackElo "2456"]
[WhiteTeam "MULHOUSE Philidor"]
[BlackTeam "Evry Grand Roque"]
[WhiteFideId "1200372"]
[BlackFideId "2802090"]
[EventDate "2018.05.26"]

1. e4 d6 2. d4 Nf6 3. Nc3 e5 4. Nf3 Nbd7 5. Bc4 Be7 6. O-O O-O 7. a4 a5 8. Re1
c6 9. Ba2 exd4 10. Nxd4 Nc5 11. h3 Qb6 12. Nb3 Nxb3 13. Bxb3 Be6 14. Be3 Qc7 15.
Bd4 Bxb3 16. cxb3 Nd7 17. Qc2 Nc5 18. Bxc5 dxc5 19. e5 Rad8 20. Re2 Rd4 21. Rae1
Qd7 22. Ne4 Qd5 23. Ng3 g6 24. Ne4 Kg7 25. f4 Rd3 26. Re3 Rxe3 27. Rxe3 Qd4 28.
Qc3 f5 29. exf6+ Bxf6 30. Nxf6 Rxf6 31. g3 Kf7 32. Kg2 1/2-1/2

[Event "TCh-FRA Top 12 2018"]
[Site "Brest FRA"]
[Date "2018.05.30"]
[Round "5.2"]
[Board "6"]
[White "Sokolov, Andrei1"]
[Black "Milliet, Sophie"]
[Result "1/2-1/2"]
[WhiteTitle "GM"]
[BlackTitle "IM"]
[WhiteElo "2489"]
[BlackElo "2391"]
[WhiteTeam "MULHOUSE Philidor"]
[BlackTeam "Evry Grand Roque"]
[WhiteFideId "627089"]
[BlackFideId "623725"]
[EventDate "2018.05.26"]

1. e4 c5 2. Nf3 e6 3. d4 cxd4 4. Nxd4 Nc6 5. Nc3 Qc7 6. Ndb5 Qb8 7. a4 Nf6 8.
Be2 Bb4 9. O-O O-O 10. Qd3 a6 11. Na3 Ne5 12. Qd4 Nc6 13. Qd3 Ne5 14. Qd4 Nc6
15. Qd3 1/2-1/2